Schnelles Mathe - Quiz nur ein kurzes - Quiz 22 - Statistiken

Allgemein
  • Dieses Quiz wurde 24 mal gespielt
  • Das Durchschnittsergebnis liegt bei 13 aus 15
Antwortstatistiken
Hint Antwort % Korrekt
11 77
100%
7 49
96%
17 119
92%
25 175
92%
26 182
88%
34 238
88%
37 259
88%
41 287
88%
49 343
88%
54 378
88%
73 511
88%
63 441
83%
67 469
83%
69 483
83%
39 273
79%
Keine übereinstimmenden Quizze gefunden
Verteilung der Resultate
Anzahl Personen mit jedem Resultat
Perzentil nach korrekt beantworteten Fragen
Ihre Resultats-Entwicklung
Sie haben dieses Quiz noch nicht gespielt